000 00578nam a2200229Ia 4500
003 OSt
005 20220918200840.0
006 a|||||r|||| 00| 0
007 ta
008 220917b |||||||| |||| 00| 0 eng d
024 _a90,529
037 _cTextual
040 _aARTS
_cARTS
_beng
041 _2eng
_aeng
082 _aU8:6:N3, J1 (906)
100 _aMacArthur Wilson
_995768
245 0 _aAuto nomad through Africa
260 _c1951
650 _aGEOGRAPHY
942 _hU8:6:N3, J1 (906)
_cTEXL
_2CC
999 _c214190
_d214190